Observatorio rústico / (Record no. 164400)
[ view plain ]
| 000 -LEADER | |
|---|---|
| campo de control de longitud fija | 01270nam a22002895i 4500 |
| 001 - NÚMERO DE CONTROL | |
| campo de control | 164400 |
| 003 - IDENTIFICADOR DE NÚMERO DE CONTROL | |
| campo de control | ES-MaACL |
| 005 - FECHA Y HORA DE LA ÚLTIMA TRANSACCIÓN | |
| campo de control | 20251009191504.0 |
| 008 - DATOS DE LONGITUD FIJA--INFORMACIÓN GENERAL | |
| campo de control de longitud fija | 951123s1802 sp |||| | spa d |
| 040 ## - FUENTE DE CATALOGACIÓN | |
| Centro catalogador/agencia de origen | EUS |
| Lengua de catalogación | spa |
| Centro/agencia transcriptor | EUS |
| 080 ## - NÚMERO DE LA CLASIFICACIÓN DECIMAL UNIVERSAL | |
| Número de la Clasificación Decimal Universal | 821.134.2-14"17" |
| 100 1# - ENTRADA PRINCIPAL--NOMBRE DE PERSONA | |
| Nombre de persona | Salas, Francisco Gregorio de, |
| Fechas asociadas al nombre | 1728-1808 |
| 9 (RLIN) | 132319 |
| 245 10 - MENCIÓN DEL TÍTULO | |
| Título | Observatorio rústico / |
| Mención de responsabilidad, etc. | por Francisco Gregorio de Salas. |
| 250 ## - MENCION DE EDICION | |
| Mención de edición | [Nueva y séptima edicion]. |
| 260 ## - PUBLICACIÓN, DISTRIBUCIÓN, ETC. | |
| Lugar de publicación, distribución, etc. | En Madrid : |
| Nombre del editor, distribuidor, etc. | en la Imprenta de Repullés : |
| -- | se hallará en la Librerias de Castillo ... : |
| -- | de Orea ..., |
| Fecha de publicación, distribución, etc. | 1802. |
| 300 ## - DESCRIPCIÓN FÍSICA | |
| Extensión | 161 p., [6] h. lám. ; |
| Dimensiones | 14 cm. |
| 595 ## - | |
| -- | Mención de edición consta al final del texto. |
| 596 ## - NOTA AL PIE DE IMPRENTA | |
| NOTA AL PIE DE IMPRENTA | Pie de imprenta tomado del colofón. |
| 597 ## - NOTA DE DESCRIPCIÓN FÍSICA | |
| NOTA DE DESCRIPCIÓN FÍSICA | Portada frontispicia grabada, firmada por "A. Rodriguez del. ; F. de P. Marti fct." |
| 597 ## - NOTA DE DESCRIPCIÓN FÍSICA | |
| NOTA DE DESCRIPCIÓN FÍSICA | Anteportada. |
| 599 ## - NOTA A LAS ILUSTRACIONES | |
| NOTA A LAS ILUSTRACIONES | Grabado calcográfico encarado con p. 7, firmado por "Aº. Rodr. inv. ; Fº. Miranda fc. " |
| 700 1# - ENTRADA AGREGADA--NOMBRE PERSONAL | |
| Nombre de persona | Rodríguez, Antonio, |
| Fechas asociadas al nombre | 1765-ca. 1823 |
| 9 (RLIN) | 148057 |
| 700 1# - ENTRADA AGREGADA--NOMBRE PERSONAL | |
| Nombre de persona | Martí, Francisco de Paula, |
| Fechas asociadas al nombre | 1761-1827 |
| 9 (RLIN) | 148058 |
| 700 1# - ENTRADA AGREGADA--NOMBRE PERSONAL | |
| Nombre de persona | Miranda, Francisco, |
| Fechas asociadas al nombre | fl. 1798-1811 |
| 9 (RLIN) | 148059 |
| 852 ## - LOCALIZACIÓN | |
| Ubicación | ES-MaACL |
| Número de control de estantería | D-3973 |
| Nota libre | -- Enc. pasta grabada |
| -- | .- Legado M. de la Fuente |
| Estatus retirado | Estado de pérdida | Estado de daño | No para préstamo | Colección | Biblioteca de origen | Biblioteca actual | Ubicación en estantería | Fecha de adquisición | Fuente de adquisición | Total de préstamos | Signatura topográfica completa | Código de barras | Visto por última vez | Precio de reemplazo | Tipo de ítem Koha |
|---|---|---|---|---|---|---|---|---|---|---|---|---|---|---|---|
| Libros del s. XIX | Biblioteca del Ateneo de Madrid | Biblioteca del Ateneo de Madrid | Sala Valle Inclán | 17/01/2008 | D-3973 | 901172318 | 23/02/2023 | 23/02/2023 | Libro impreso antiguo |
